Statistics for Top 5 Songs On Whatever People Say I Am... (Arctic Monkeys)

Click here to take the quiz!

General Stats

  • This quiz has been taken 41 times
  • The average score is 4 of 5

Answer Stats

HintAnswer% Correct
297,954,948Mardy Bum
92%
351,678,862When The Sun Goes Down
92%
347,961,469I Bet You Look Good On The Dancefloor
89%
112,001,762A Certain Romance
69%
122,945,115From The Ritz To The Rubble
67%

Score Distribution

Percentile by Number Answered

Percent of People with Each Score

Your Score History

You have not taken this quiz